Historia del Sancti-Spiritus / (Record no. 107370)
[ view plain ]
| 000 -LEADER | |
|---|---|
| campo de control de longitud fija | 00428nam a2200145 i 4500 |
| 001 - NÚMERO DE CONTROL | |
| campo de control | 107370 |
| 003 - IDENTIFICADOR DE NÚMERO DE CONTROL | |
| campo de control | ES-MaACL |
| 007 - CAMPO FIJO DE DESCRIPCIÓN FÍSICA--INFORMACIÓN GENERAL | |
| campo de control de longitud fija | t| |
| 008 - DATOS DE LONGITUD FIJA--INFORMACIÓN GENERAL | |
| campo de control de longitud fija | 070110s1958 cu ||||1| spa d |
| 100 1# - ENTRADA PRINCIPAL--NOMBRE DE PERSONA | |
| Nombre de persona | Moral, Luis Felipe del. |
| 9 (RLIN) | 82940 |
| 245 10 - MENCIÓN DEL TÍTULO | |
| Título | Historia del Sancti-Spiritus / |
| Mención de responsabilidad, etc. | Luis F. del Moral. |
| 260 ## - PUBLICACIÓN, DISTRIBUCIÓN, ETC. | |
| Lugar de publicación, distribución, etc. | Zaza del Medio (Cuba) : |
| Nombre del editor, distribuidor, etc. | [s.n.], |
| Fecha de publicación, distribución, etc. | 1958 ( |
| Fabricante | Imp. Iris) |
| 300 ## - DESCRIPCIÓN FÍSICA | |
| Extensión | 228 p. ; |
| Dimensiones | 21 cm. |
| 852 ## - LOCALIZACIÓN | |
| Ubicación | ES-MaACL |
| Número de control de estantería | E-4297 |
| Sublocalización o colección | R.43772 |
| Estatus retirado | Estado de pérdida | Estado de daño | No para préstamo | Biblioteca de origen | Biblioteca actual | Ubicación en estantería | Fecha de adquisición | Fuente de adquisición | Total de préstamos | Signatura topográfica completa | Código de barras | Visto por última vez | Precio de reemplazo | Tipo de ítem Koha |
|---|---|---|---|---|---|---|---|---|---|---|---|---|---|---|
| Biblioteca del Ateneo de Madrid | Biblioteca del Ateneo de Madrid | Depósito 2 | 17/01/2008 | E-4297 | 1112059 | 23/02/2023 | 23/02/2023 | Libro impreso |
